000 00219 a2200097 4500
001 51394
100 _aDavis R E
245 _aThinking About [TLC] Logo
260 _aNew York
_bHolt Saunders
_c
090 _c32584
_d32584
942 _aNUST-CAE
_cM
_c25096
999 _c286467
_d286467